000 00841nam a22002897a 4500
003 CHAP
005 20220329140957.0
008 971013s1958 r 00010 d
010 _a60814
011 _a61786
035 _a65954
040 _cCHAP
082 _a581.92
_bT4
100 0 0 _aThomas, G. L., Jr.
_9112826
245 _aGarden pools, water
260 _aPrinceton, N.J. :
_bD. Van Nostrand,
_c1958
300 _a222 p.
_b: ilus.
590 _aBATCH-UPD
_b10
_c20130110
_lUCH01
_h0656
590 _aBATCH-UPD
_b10
_c20130410
_lUCH01
_h0341
590 _aBATCH-UPD
_b10
_c20130914
_lUCH01
_h0851
590 _aCONVERSION
_b10
_c20130109
_lUCH01
_h1333
650 1 4 _aCarpa.
_919269
650 1 4 _aPlantas acuáticas.
_988897
901 _aBK
942 _cLIBRO
949 _a581.92 T4
_bBC
_cLIBRO
_d33724000450581
_eLIBRO
_h70014
_i65954
_si
999 _c60814
_d60814